000 00728nam a2200241Ia 4500
003 OSt
005 20220925203044.0
006 a|||||r|||| 00| 0
007 ta
008 220923b |||||||| |||| 00| 0 eng d
020 _a0706910389
037 _cGeneral Book
040 _aRTL
_cRTL
_beng
041 _2eng
_aeng
082 _aX:54.30K2.L60<--K59, M0
100 _aWatson Ian Bruoo
_9264807
245 0 _aFoundation for empire
_bEnglish private trade in Ind
260 _aDelhi
_bVikas India
_c1980
300 _axiv,384p. Bibp 369-78 Glossary p365-68
_ccm.
650 _aExpoet
_9246701
942 _hX:54.30K2.L60<--K59, M0
_cGB
_2CC
999 _c545063
_d545063